000 00425cmm a2200145 a 4500
082 0 0 _a005.7565
_bMAT
_cML02,P-153
100 _aMathur, Rajiv.
_936890
245 0 0 _adBASE III plus for beginners
_cMathur, Rajiv.
250 _aVersion iii
260 _aDelhi. :
_bGalgotia publications,
_cc1990.
300 _a477 p.
_c24 cm.
526 _a0
_b0
_c0
_d005_756500000000000_MAT
650 0 _aMCE
_xSoftware.
_936891
942 _2ddc
_cBK
999 _c541835
_d541835